Normal view
MARC view
- Chang , M. C
Entry Personal Name
001 - CONTROL NUMBER
- control field: 82850
003 - CONTROL NUMBER IDENTIFIER
- control field: NUST
005 - DATE AND TIME OF LATEST TRANSACTION
- control field: 20210928163003.0
008 - FIXED-LENGTH DATA ELEMENTS
- fixed length control field: 210928|| aca||aabn | a|a d
040 ## - CATALOGING SOURCE
- Original cataloging agency: NUST
- Transcribing agency: NUST
100 ## - HEADING--PERSONAL NAME
- Personal name: Chang , M. C
670 ## - SOURCE DATA FOUND
- Source citation: Work cat.: (NUST)33733: Chang , M. C., Engineering Management : Challenges In The New Millennium, 2014.
